000 00455nam a2200181Ia 4500
001 2196
005 20260306143824.0
008 260306t2024||||xx |||||||||||||| ||spa||
041 _aESP
082 _a616.042
_bC264
100 _aCohn, Ronald Doron,
_eAUT
245 0 _aThompson & Thompson genetics and genomics in medicine
260 _c2024
300 _axxv, 645 páginas :
_c28 cm.
650 _aGEN
654 _aCCS
942 _cLIB
_dJUS
_fJUS
_2ddc
_n
999 _c2196
_d2196